Obálka Náhled e-knihy:
PDF
Pro půjčování e-knih musíte být přihlášeni.
Jak si půjčit online?

Encanto /

Filmový příběh o neobyčejné rodině Madrigalů převeden do komiksového příběhu.

Uloženo v:
Korporativní autor: Walt Disney Enterprises (Autor)
Další autoři: Baluchová, Veronika (Překladatel)
Médium: E-kniha
Jazyk:Slovak
Vydáno: V Prahe : Egmont, 2022
Vydání:Prvé vydanie
Edice:Disney comics (Egmont)
Témata:
Tagy:
Žádné tagy
LEADER 02875nam a2200589 i 4500
001 311767
003 CZ PrSKC
005 20260601215711.0
007 ta
008 221202s2022 xr a b 6 000 1 slo
015 |a cnb003474903 
020 |a 9788025254431  |q (vázáno) 
035 |a (OCoLC)1357140129 
040 |a ABG001  |b cze  |e rda 
041 1 |a slo  |h eng 
072 7 |a 741.52  |x Komiksy. Komiksové adaptace  |2 Konspekt 
072 7 |a 821-93  |x Literatura pro děti a mládež (beletrie)  |2 Konspekt 
080 |a 741.52(0:82-322.9)  |2 MRF 
080 |a 821-93  |2 MRF 
080 |a 741.52(0.046.6)  |2 MRF 
080 |a (084.122)791.228  |2 MRF 
130 0 |a Encanto.  |l Slovensky 
245 1 0 |a Encanto /  |c Disney ; z anglického originálu preložila Veronika Balúchová 
250 |a Prvé vydanie 
264 1 |a V Prahe :  |b Egmont,  |c 2022 
300 |a 55 nečíslovaných stran :  |b barevné ilustrace ;  |c 24 cm 
336 |a text  |b txt  |2 rdacontent 
336 |a statický obraz  |b sti  |2 rdacontent 
337 |a bez média  |b n  |2 rdamedia 
338 |a svazek  |b nc  |2 rdacarrier 
490 1 |a Disney comics 
500 |a Obálkový podnázev: filmový príbeh ako komiks 
520 2 |a Filmový příběh o neobyčejné rodině Madrigalů převeden do komiksového příběhu.  |b Madrigalovi jsou neobyčejná rodina, která žije v kouzelném domě na úžasném, čarovném místě zvaném Encanto. Magie Encanta obdařila každé dítě v rodině jedinečným darem, od nadlidské síly až po schopnost léčit. Každé dítě, kromě jednoho - Mirabel. Když si ale dívka všimne, že se magie obklopující Encanto začíná vytrácet, uvědomí si, že by to mohla být právě ona, obyčejná Mirabel, kdo může vše zachránit a vrátit své výjimečné rodině naději. Nakladatelská anotace. 
521 8 |a Pro čtenáře od 7 let 
546 |a Slovenský text 
655 7 |a fantasy komiksy  |7 fd1057473  |2 czenas 
655 7 |a komiksové adaptace  |7 fd1057342  |2 czenas 
655 7 |a animované filmy  |7 xx0137882  |2 czenas 
655 7 |a publikace pro děti  |7 fd133156  |2 czenas 
655 9 |a fantasy comics  |2 eczenas 
655 9 |a comics adaptations  |2 eczenas 
655 9 |a animated films  |2 eczenas 
655 9 |a children's literature  |2 eczenas 
700 1 |a Baluchová, Veronika  |7 ola20191025268  |4 trl 
710 2 |a Walt Disney Enterprises  |7 ko2002113163  |4 aut 
830 0 |a Disney comics (Egmont) 
900 |a ABA001  |b 20 
928 9 |a Albatros Media - Egmont 
044 |a xr 
910 |a RBIT002 
998 |d 364523  |a https://core.palmknihy.cz/api/books/364523/cover?seoot9  |b https://core.palmknihy.cz/api/books/364523/cover/400?seoot9  |c https://core.palmknihy.cz/api/books/364523/cover/50?seoot9  |e 2026-12-31  |g 56  |i 9788025254431  |k https://core.palmknihy.cz/api/books/364523/preview.pdf  |l   |q 49  |r 1  |s https://www.palmknihy.cz/kniha/364523  |t ebook  |y 2022  |z 0 
999 |d 311765